000 00722nam a2200289Ia 4500
005 20260324124202.0
008 008 260324s9999 xx 000 0 eng d
020 _a9781315632315
037 _aEBOOK
040 _aCRL
040 _beng
040 _cCRL
041 _2eng
041 _aeng
084 _qCRL
100 _aRonald E. Hall; Molefi Kete Asante
_91173175
245 0 _aRooming in the Master's House
245 0 _bPower and Privilege in the Rise of Black Conservatism
260 _bTaylor and Francis
260 _c2011
365 _a
365 _b350
856 _uhttp://www.taylorfrancis.com/books/9781315632315
942 _cEBOOK
999 _c1767354
_d1767354